00809cam a22002291 450000100060000000300080000600500170001400800390003103500190007003500190008904000390010804100080014708200240015524501360017926000510031530000640036650400390043065000350046965000360050470000200054070000190056010548BD-RjUL20211208234956.0140125s1967 enkabf b 001 0 eng a(BD-RjUL)10596 a(OCoLC)3145877 aDLCcTNJdOCoLCdDLCdBD-RjULbeng aeng a551.40994bLAN 196710aLandform studies from Australia and New Guinea;cedited by J.N. Jennings and J.A. Mabbutt, with a foreword by Professor E.S. Hills. aCambridge ;aLondon :bCambridge U.P.,cc1967. axxiii, 434 p. :b36 plates, maps, tables. diagrs. ;c24 cm. aIncludes bibliographies and index. 0aPhysical geographyzAustralia. 0aPhysical geographyzNew Guinea.1 aJennings, J. N.1 aMabbutt, J. A.